000 00953nam a2200289 a 4500
003 CO-ViMGA
005 20230915225025.0
008 010710s2003 sp a jr 0001j spa d
020 _a842613164-6
040 _aCO-ViMGA
_bspa
_cCO-ViMGA
041 1 _heng
043 _an-us---
082 0 4 _aI813.5
_bC65t
_22 ed.
100 1 _aConover, Chris.
_9374
245 1 3 _aUn tesoro para compartir
_cChris Conover ; traducción Mireia Porta i Arnau.
250 _a2a. ed.
260 3 _aBarcelona :
_bEditorial Juventud,
_c2003.
300 _a[28] p. :
_bil. ;
_c31 cm.
534 _pTítulo original :
_tThe lion's share.
650 1 4 _aCuentos infantiles estadounidenses.
_9299
650 1 4 _aLectura
_v Cuentos infantiles.
_9377
650 1 4 _aLibros
_v Cuentos infantiles.
_9376
650 1 6 _aLibros ilustrados para niños.
_987
650 1 6 _aTesoros
_v Cuentos infantiles.
_9375
700 1 2 _aPorta i Arnau, Mireia,
_etr.
_9378
942 _2ddc
_cBK
999 _c12065
_d12065